Đi bán đam mê Những câu chuyện khởi nghiệp

Tập hợp 41 bài viết về chân dung khởi nghiệp với niềm đam mê, khát vọng vươn lên, vượt qua những khó khăn trong buổi đầu gây dựng sự nghiệp, cố gắng tận dụng những điều kiện sẵn có nơi mình đang sống, tìm được lối đi riêng, hướn...

詳細記述

保存先:
書誌詳細
第一著者: Đỗ, Quang Tuấn Hoàng
フォーマット: 図書
言語:Undetermined
出版事項: Hồ Chí Minh Nxb. Tp. Hồ Chí Minh 2018
主題:
オンライン・アクセス:http://lrc.tdmu.edu.vn/opac/search/detail.asp?aID=2&ID=33475
タグ: タグ追加
タグなし, このレコードへの初めてのタグを付けませんか!
Thư viện lưu trữ: Trung tâm Học liệu Trường Đại học Thủ Dầu Một
LEADER 01261nam a2200217Ia 4500
001 TDMU_33475
008 210410s9999 xx 000 0 und d
082 |a 541.28 
090 |b Đ450 
100 |a Đỗ, Quang Tuấn Hoàng 
245 0 |a Đi bán đam mê 
245 0 |b Những câu chuyện khởi nghiệp 
245 0 |c Đỗ Quang Tuấn Hoàng 
260 |a Hồ Chí Minh 
260 |b Nxb. Tp. Hồ Chí Minh 
260 |c 2018 
300 |a 333 tr 
520 |a Tập hợp 41 bài viết về chân dung khởi nghiệp với niềm đam mê, khát vọng vươn lên, vượt qua những khó khăn trong buổi đầu gây dựng sự nghiệp, cố gắng tận dụng những điều kiện sẵn có nơi mình đang sống, tìm được lối đi riêng, hướng tới phục vụ cộng đồng, đồng thời bảo lưu những giá trị văn hoá truyền thống của dân tộc 
650 |a Bí quyết thành công  |x Doanh nghiệp  |x Khởi nghiệp  
856 |u http://lrc.tdmu.edu.vn/opac/search/detail.asp?aID=2&ID=33475 
980 |a Trung tâm Học liệu Trường Đại học Thủ Dầu Một